Представление документа в формате RUSMARC

ПолеНазваниеЗначение
  Тип записи a
  Библиографический уровень m
001 Контрольный номер c9e80f0e0d7a491d808d09f6f3c751b5
005 Дата корректировки 20260421150056.6
010 Индекс ISBN __
a ISBN 978-5-6049249-1-4
b Уточнения в пер.
9 Тираж 1500 экз.
d Цена 3000-00
100 Данные общей обработки __
a Данные общей обработки 20260416d2023 em y0rusy028902 ca
101 Язык документа 0_
a Язык текста rus
102 Страна публикации __
a Страна публикации RU
105 Кодированные данные (монография) __
a Кодированные данные (монография) a z 010yd
181 Поле кодированных данных: вид содержания _0
a Код вида содержания (ISBD) i
182 Поле кодированных данных: тип средства _0
a Код типа средства (ISBD) n
200 Заглавие и сведения об ответственности 1_
a Заглавие Т. 2
203 Вид содержания и тип средства __
a Вид содержания Текст
c Тип средства непосредственный
210 Выходные данные 1_
d Дата издания 2023
215 Физическое описание __
a Объем 410 с.
c Иллюстрации/тип воспроизводства фот., портр., табл., карты, цв. ил.
d Формат 30 см
320 Библиография __
a Библиография Библиография: с. 407-408
320 Библиография __
a Библиография Список источников структурных карт и геологических разрезов: с. 409
333 Примечание о целевом назначении __
a Примечание о целевом назначении 18+. Запрещено для детей
461 Уровень набора _0
1 2001
a Люди и недра
e к 75- летию тюменской геологии : в 2 томах
f под общей редакцией А. М. Брехунцова ; авторы-составители: В. Н. Битков [и др.]
v Т. 2
1 2101
a Тюмень
c Геодата
d 2023
1 00111e8781ddf794cff9e7b14feaf635b28
1 203
a Текст
c непосредственный
606 Тематические рубрики __
2 Код системы nlr_sh
a Основная рубрика Экономика
606 Тематические рубрики __
2 Код системы nlr_sh
a Основная рубрика Экономика топливной промышленности
610 Ключевые слова 0_
a Ключевые слова краеведение
610 Ключевые слова 0_
a Ключевые слова геологоразведка
610 Ключевые слова 0_
a Ключевые слова история геологоразведки
610 Ключевые слова 0_
a Ключевые слова разведка месторождений
610 Ключевые слова 0_
a Ключевые слова персоналии
610 Ключевые слова 0_
a Ключевые слова геологи
610 Ключевые слова 0_
a Ключевые слова западносибирские месторождения
610 Ключевые слова 0_
a Ключевые слова нефтяные месторождения
610 Ключевые слова 0_
a Ключевые слова газовые месторождения
610 Ключевые слова 0_
a Ключевые слова тюменская геология
686 Индексы других классификаций __
2 Код системы rubbks
a Классификационный индекс К65.305.143.2(2Рос-4Тюм)
801 Источник записи _0
a Страна RU
b Организация Муниципальное бюджетное учреждение культуры "Централизованная библиотечная система" г. Сургут (Центральная городская библиотека им. А. С. Пушкина)
c Дата составления 20260416
g Правила каталогизации PSBO
801 Источник записи _1
a Страна RU
b Организация Муниципальное бюджетное учреждение культуры "Централизованная библиотечная система" г. Сургут (Центральная городская библиотека им. А. С. Пушкина)
c Дата составления 20260416
g Правила каталогизации PSBO
852 Данные о местонахождении __
i Авторский знак Л 93
j Шифр хранения К65.305.143.2(2Рос-4Тюм)
900 Макрообъекты __
a Макрообъекты Люди и недра. К 75- летию тюменской геологии. Том 2, 2023
901 Тип документа __
t Тип документа n
w Контрольный № источника 11e8781ddf794cff9e7b14feaf635b28
a Ответственный КиК/Котельникова
901 Тип документа __
a Ответственный 4 партия
903 Характеристики (МАРС) __
c Наименование библиотеки (МАРС) Муниципальное бюджетное учреждение культуры "Централизованная библиотечная система" г. Сургут (Центральная городская библиотека им. А. С. Пушкина)
a Дата передачи 20260416
990 Данные о заказе (DOS) __
j Количество экземпляров (DOS) 1
t N записи в КСУ для И/У (DOS) 202604